[Event "BL2 Sued 0910 (Women)"]
[Site "Germany"]
[Date "2009.11.07"]
[Round "1.3"]
[White "Gheng, Simona"]
[Black "Lange, Corinna"]
[Result "1/2-1/2"]
[WhiteElo "2017"]
[BlackElo "2033"]
[PlyCount "42"]
[EventDate "2009.11.07"]
[EventType "team-tourn"]
[EventRounds "7"]
[EventCountry "GER"]
[SourceTitle "CBM 133 Extra"]
[Source "ChessBase"]
[SourceDate "2010.01.05"]
[SourceVersion "1"]
[SourceVersionDate "2010.01.05"]
[SourceQuality "1"]
[WhiteTeam "Deizisau (W)"]
[BlackTeam "Zeulenroda (W)"]
[WhiteTeamCountry "GER"]
[BlackTeamCountry "GER"]

1. e4 e6 2. d4 d5 3. Nd2 Nf6 4. Bd3 c5 5. exd5 Qxd5 6. Ngf3 Nc6 7. Bc4 Qh5 8. Nb3 cxd4 9. Nbxd4 Nxd4 10. Qxd4 Bd7 11. Be3 Rc8 12. Bb3 Bc5 13. Qd3 Bc6 14. Bxc5 Qxc5 15. 0-0 0-0 16. Rfe1 Rfd8 17. Qe3 Qxe3 18. Rxe3 Bxf3 19. Rxf3 Rd2 20. Re1 Rcd8 21. h3 h6 1/2-1/2

[Event "GER-chT Federal Cup (Women)"]
[Site "Braunfels"]
[Date "2009.06.04"]
[Round "1"]
[White "Hinzmann, Maria"]
[Black "Lange, Corinna"]
[Result "0-1"]
[WhiteElo "1819"]
[BlackElo "2067"]
[PlyCount "54"]
[EventDate "2009.06.04"]
[EventType "team-swiss"]
[EventRounds "5"]
[EventCountry "GER"]
[SourceTitle "CBM 130 Extra"]
[Source "ChessBase"]
[SourceDate "2009.07.02"]
[SourceVersion "2"]
[SourceVersionDate "2009.07.15"]
[SourceQuality "1"]

1. e4 e6 2. d4 d5 3. exd5 exd5 4. Bd3 Qf6 5. Nc3 c6 6. h3 Bd6 7. Nf3 h6 8. Be3 Ne7 9. Qd2 0-0 10. 0-0-0 b5 11. Rde1 Nd7 12. Nh2 Bxh2 13. Rxh2 Nb6 14. g4 Ng6 15. g5 hxg5 16. Bxg5 Qxd4 17. Be3 Qf6 18. Bc5 Rd8 19. f4 Bf5 20. Bxf5 Qxf5 21. Ne2 Nc4 22. Qd4 Re8 23. Rg1 Re4 24. Qc3 Rae8 25. Rgg2 Qxf4+ 26. Kb1 Rxe2 27. Be3 R8xe3 0-1

[Event "BL2 Ost 0809 (Women)"]
[Site "Germany"]
[Date "2008.12.07"]
[Round "4.2"]
[White "Lange, Corinna"]
[Black "Kind, Veronika"]
[Result "1/2-1/2"]
[WhiteElo "2067"]
[BlackElo "2012"]
[PlyCount "47"]
[EventDate "2008.11.08"]
[EventType "team-tourn"]
[EventRounds "7"]
[EventCountry "GER"]
[SourceTitle "EXT 2010"]
[Source "ChessBase"]
[SourceDate "2010.11.25"]
[SourceVersion "1"]
[SourceVersionDate "2010.11.25"]
[SourceQuality "1"]
[WhiteTeam "Zeulenroda (W)"]
[BlackTeam "Ruedersdorf (W)"]
[WhiteTeamCountry "GER"]
[BlackTeamCountry "GER"]

1. e4 c5 2. Nf3 d6 3. d4 cxd4 4. Nxd4 Nf6 5. Nc3 g6 6. f3 Bg7 7. Be3 Nc6 8. Qd2 0-0 9. Nb3 Be6 10. Nd5 Qd7 11. Bb5 Qd8 12. c4 Bxd5 13. cxd5 Ne5 14. Rc1 a6 15. Be2 Rc8 16. 0-0 Qd7 17. Rxc8 Rxc8 18. Rc1 Rxc1+ 19. Qxc1 Qd8 20. Bd4 Ned7 21. Qd2 Qc7 22. Qc3 Qxc3 23. bxc3 Ne8 24. Bxg7 1/2-1/2

[Event "BL2 Ost 0809 (Women)"]
[Site "Germany"]
[Date "2008.11.09"]
[Round "2.4"]
[White "Lange, Corinna"]
[Black "Guhr, Katja"]
[Result "1-0"]
[WhiteElo "2067"]
[BlackElo "1706"]
[PlyCount "79"]
[EventDate "2008.11.08"]
[EventType "team-tourn"]
[EventRounds "7"]
[EventCountry "GER"]
[SourceTitle "EXT 2010"]
[Source "ChessBase"]
[SourceDate "2010.11.25"]
[SourceVersion "1"]
[SourceVersionDate "2010.11.25"]
[SourceQuality "1"]
[WhiteTeam "Zeulenroda (W)"]
[BlackTeam "Leipzig Lindenau (W)"]
[WhiteTeamCountry "GER"]
[BlackTeamCountry "GER"]

1. e4 e5 2. Nf3 Nc6 3. d4 exd4 4. Bc4 Bc5 5. c3 d3 6. Qxd3 Nge7 7. 0-0 0-0 8. b4 Bb6 9. a4 a5 10. b5 Nb8 11. Ba3 d6 12. Nbd2 Nd7 13. Nb3 Nc5 14. Nxc5 Bxc5 15. Bxc5 dxc5 16. Qe3 b6 17. Rad1 Qe8 18. Qf4 Ng6 19. Qxc7 Bg4 20. Qg3 Bxf3 21. Qxf3 Ne5 22. Qe2 Nxc4 23. Qxc4 Qe7 24. Rd5 Rad8 25. Rfd1 Rxd5 26. Qxd5 Re8 27. f3 g6 28. Qd7 Qxd7 29. Rxd7 Re6 30. Kf2 Kf8 31. Ke3 Ke8 32. Rb7 h5 33. f4 Kf8 34. e5 Ke8 35. Ke4 Kf8 36. Kd5 Ke8 37. Rc7 h4 38. c4 Kf8 39. Rc6 Re7 40. Rxb6 1-0

[Event "GER-chT Federal Cup (Women)"]
[Site "Germany"]
[Date "2007.??.??"]
[Round "1"]
[White "Birkholz, Mary"]
[Black "Lange, Corinna"]
[Result "1/2-1/2"]
[WhiteElo "1770"]
[BlackElo "2090"]
[PlyCount "48"]
[EventDate "2007.06.??"]
[EventType "team-swiss"]
[EventRounds "5"]
[EventCountry "GER"]
[SourceTitle "EXT 2008"]
[Source "ChessBase"]
[SourceDate "2007.11.25"]
[SourceVersion "1"]
[SourceVersionDate "2007.11.25"]
[SourceQuality "1"]
[WhiteTeam "Bayern Muenchen"]
[BlackTeam "Thueringen"]
[WhiteTeamCountry "GER"]
[BlackTeamCountry "GER"]

1. e4 e6 2. d4 d5 3. e5 c5 4. c3 Nc6 5. Nf3 Qc7 6. Be2 f6 7. Bf4 Qb6 8. Qd2 cxd4 9. cxd4 fxe5 10. Bxe5 Nxe5 11. Nxe5 Nf6 12. Nc3 Bb4 13. 0-0 0-0 14. Qd3 Bd7 15. a3 Bxc3 16. bxc3 Rac8 17. Rab1 Qc7 18. Rfc1 b6 19. Bf3 Qd6 20. c4 Rc7 21. cxd5 exd5 22. Rxc7 Qxc7 23. Nxd7 Qxd7 24. h3 Rc8 1/2-1/2

[Event "BL 0506 (Women)"]
[Site "Germany"]
[Date "2006.04.08"]
[Round "10.3"]
[White "Lange, Corinna"]
[Black "Vidonyak, Nellya"]
[Result "0-1"]
[WhiteElo "2077"]
[BlackElo "2248"]
[PlyCount "120"]
[EventDate "2005.10.29"]
[EventType "team-tourn"]
[EventRounds "11"]
[EventCountry "GER"]
[SourceTitle "EXT 2007"]
[Source "ChessBase"]
[SourceDate "2006.11.23"]
[SourceVersion "1"]
[SourceVersionDate "2006.11.23"]
[SourceQuality "1"]
[WhiteTeam "Zeulenroda"]
[BlackTeam "Karlsruhe (W)"]
[WhiteTeamCountry "GER"]
[BlackTeamCountry "GER"]

1. e4 d6 2. d4 e5 3. dxe5 dxe5 4. Qxd8+ Kxd8 5. Nf3 Bd6 6. Bc4 Be6 7. Bxe6 fxe6 8. 0-0 Nf6 9. Nc3 a6 10. Bg5 Nbd7 11. Rad1 h6 12. Bh4 g5 13. Bg3 Ke7 14. a3 Nh5 15. Nd2 b5 16. Nb3 c5 17. Na5 Rhc8 18. Rd2 Ra7 19. Rfd1 Bb8 20. f3 Nxg3 21. hxg3 Nb6 22. Kf2 Rd7 23. Rxd7+ Nxd7 24. Rh1 Bc7 25. Nc6+ Kd6 26. Na7 Ra8 27. Rd1+ Ke7 28. Nc6+ Ke8 29. Rh1 Nf8 30. b4 cxb4 31. Nxb4 Bb6+ 32. Ke2 Rc8 33. Kd3 Rd8+ 34. Ke2 Rc8 35. Kd3 Bd4 36. Nba2 Bc5 37. Nb1 Bf2 38. g4 Ng6 39. Rxh6 Nf4+ 40. Kd2 Rd8+ 41. Kc1 Kf7 42. Nb4 Rd6 43. Rh7+ Kf6 44. Kb2 Bd4+ 45. Kb3 Nxg2 46. Nd3 Nh4 47. Nd2 Be3 48. Nf1 Bf4 49. Nc5 Kg6 50. Rc7 Rd1 51. Nd7 Kf7 52. Nxe5+ Ke8 53. Rc8+ Ke7 54. Nc6+ Kf7 55. e5 Rxf1 56. Rc7+ Ke8 57. Re7+ Kf8 58. Rxe6 Nxf3 59. Rf6+ Kg7 60. Re6 Bxe5 0-1

[Event "BL 0506 (Women)"]
[Site "Germany"]
[Date "2005.10.30"]
[Round "2"]
[White "Lange, Corinna"]
[Black "Stockova, Zuzana"]
[Result "1-0"]
[WhiteElo "2077"]
[BlackElo "2377"]
[PlyCount "119"]
[EventDate "2005.10.29"]
[EventType "team-tourn"]
[EventRounds "11"]
[EventCountry "GER"]
[SourceTitle "CBM 109 Extra"]
[Source "ChessBase"]
[SourceDate "2006.01.03"]
[SourceVersion "2"]
[SourceVersionDate "2006.01.03"]
[SourceQuality "1"]

1. e4 c5 2. Nf3 Nc6 3. d4 cxd4 4. Nxd4 g6 5. Nc3 Bg7 6. Be3 Nf6 7. f3 0-0 8. Nb3 d5 9. exd5 Nb4 10. d6 exd6 11. Qd2 Re8 12. 0-0-0 Bf5 13. Nd4 Qa5 14. a3 Rac8 15. Nb3 Rxc3 16. axb4 Rxc2+ 17. Qxc2 Bxc2 18. Nxa5 Bxd1 19. Kxd1 Rxe3 20. Nxb7 Bf8 21. b5 d5 22. Kd2 Bh6 23. Kd1 Nd7 24. Na5 Nc5 25. Nc6 Nd3 26. Bxd3 Rxd3+ 27. Kc2 Rd2+ 28. Kb3 Be3 29. Re1 Bc5 30. Ra1 Rxg2 31. Nxa7 Rf2 32. Nc8 Rxf3+ 33. Ka2 Rf2 34. Rd1 d4 35. b6 Rf6 36. b7 Ra6+ 37. Kb1 Ba7 38. Nxa7 Rb6 39. Rxd4 Rxb7 40. Nc6 Kg7 41. b4 g5 42. Kc2 h5 43. Rd5 f6 44. Kd3 Kg6 45. b5 g4 46. Ke4 h4 47. Kf4 g3 48. hxg3 h3 49. Kf3 Rh7 50. Rd1 Rb7 51. Rb1 Rb6 52. Ne7+ Kf7 53. Nd5 Rb8 54. b6 h2 55. Kg2 Ke6 56. Nf4+ Kd6 57. Kxh2 Kc6 58. Kh3 Kb7 59. Rb3 Rc8 60. Nd5 1-0

[Event "GER-ch Lands U20"]
[Site "Kassel"]
[Date "2003.10.23"]
[Round "7.3"]
[White "Lange, Corinna"]
[Black "Rehberg, Raphael"]
[Result "1-0"]
[WhiteElo "2142"]
[BlackElo "2042"]
[PlyCount "93"]
[EventDate "2003.10.19"]
[EventType "team"]
[EventRounds "7"]
[EventCountry "GER"]
[SourceTitle "EXT 2004"]
[Source "ChessBase"]
[SourceDate "2003.11.25"]
[SourceVersion "1"]
[SourceVersionDate "2003.11.25"]
[SourceQuality "1"]

1. e4 c5 2. Nf3 e6 3. d4 cxd4 4. Nxd4 a6 5. Nc3 b5 6. g3 Bb7 7. Bg2 b4 8. Nce2 Nf6 9. Bg5 Be7 10. Bxf6 Bxf6 11. 0-0 Qb6 12. Qd2 0-0 13. c3 bxc3 14. bxc3 Nc6 15. Rab1 Qc7 16. f4 Rab8 17. Rfd1 Ba8 18. Qd3 Qa7 19. Kf1 Be7 20. e5 Na5 21. Nb3 Nxb3 22. axb3 Bxg2+ 23. Kxg2 Qb7+ 24. Qf3 Rfd8 25. Qxb7 Rxb7 26. b4 d5 27. exd6 Rxd6 28. Rxd6 Bxd6 29. Ra1 Rb6 30. Kf3 Kf8 31. Ke4 Ke7 32. Nd4 g6 33. Nc2 Kd7 34. Ra4 Bf8 35. c4 Bg7 36. c5 Rc6 37. Nd4 Bxd4 38. Kxd4 f6 39. Kc4 e5 40. fxe5 fxe5 41. Kd5 Kc7 42. Kxe5 Kb7 43. Ra3 Kc7 44. Rf3 a5 45. Rf7+ Kd8 46. Kd5 Ra6 47. b5 1-0

[Event "GER-ch Lands U20"]
[Site "Kassel"]
[Date "2003.10.22"]
[Round "6.3"]
[White "Behm, Simon"]
[Black "Lange, Corinna"]
[Result "1-0"]
[WhiteElo "2045"]
[BlackElo "2142"]
[PlyCount "48"]
[EventDate "2003.10.19"]
[EventType "team"]
[EventRounds "7"]
[EventCountry "GER"]
[SourceTitle "EXT 2004"]
[Source "ChessBase"]
[SourceDate "2003.11.25"]
[SourceVersion "1"]
[SourceVersionDate "2003.11.25"]
[SourceQuality "1"]

1. d4 e6 2. c4 d5 3. Nc3 f5 4. Nf3 Nf6 5. Bf4 c6 6. e3 Be7 7. Bd3 0-0 8. Qc2 Ne4 9. g4 Nxc3 10. bxc3 dxc4 11. Bxc4 Kh8 12. Ke2 c5 13. gxf5 cxd4 14. cxd4 Rxf5 15. Bd3 Nc6 16. Bxf5 exf5 17. Ne5 Be6 18. Nxc6 bxc6 19. Be5 Rc8 20. Rhg1 Bf6 21. Qc5 Bxe5 22. Qxe5 Qd7 23. Rab1 h6 24. Rg6 Kh7 1-0

[Event "DLM U20 Girls"]
[Site "Werfen"]
[Date "2002.07.29"]
[Round "2.1"]
[White "Winnicki, Alice"]
[Black "Lange, Corinna"]
[Result "0-1"]
[WhiteElo "1858"]
[BlackElo "1777"]
[PlyCount "86"]
[EventDate "2002.07.28"]
[EventType "team-swiss"]
[EventRounds "7"]
[EventCountry "GER"]
[SourceTitle "CBM 089 Extra"]
[Source "ChessBase"]
[SourceDate "2002.09.10"]
[SourceVersion "2"]
[SourceVersionDate "2002.09.10"]
[SourceQuality "1"]

1. e4 e6 2. d4 d5 3. Nc3 Bb4 4. a3 Bxc3+ 5. bxc3 Ne7 6. Nf3 dxe4 7. Ng5 b6 8. Nxe4 Bb7 9. Bd3 Nd7 10. Bb2 Ng6 11. Qd2 Nf6 12. f3 Nxe4 13. fxe4 Bxe4 14. 0-0-0 Bxd3 15. Qxd3 0-0 16. g3 Qd7 17. h4 Ne7 18. c4 Rad8 19. Qc3 f6 20. g4 b5 21. cxb5 Qxb5 22. Qxc7 Nd5 23. Qg3 Rb8 24. Ba1 Rfc8 25. Qd3 Qb6 26. Rh2 Qd6 27. Rf2 Rb7 28. g5 f5 29. Bb2 Qb8 30. c3 Rb3 31. Rc2 Qc7 32. Qe2 Qf4+ 33. Rdd2 Rc6 34. Qh5 g6 35. Qe2 Ne3 36. Kb1 Nxc2 37. Rxc2 Qe4 38. Qxe4 fxe4 39. Ka2 Rbb6 40. a4 e3 41. Bc1 e2 42. Rxe2 Rxc3 43. Ba3 Rc4 0-1